000 00927nam a2200253Ia 4500
005 20211112074512.0
008 130821s2008 ck ad gr spa
020 _a9789586827430
040 _aCo-BoUCM
_bspa
_cJose A. Gerena (modificó)
_dAldemar Mondragón (modificó)
041 0 0 _aspa
100 1 _aSilva Duarte, Jorge Enrique
_946615
245 1 0 _aEmprendedor crear su propia empresa
_cJorge Enrique Silva Duarte
260 _aBogotá (Colombia)
_bAlfaomega
_c2008
300 _a208 páginas
_bilustraciones, cuadros, gráficas
490 0 _aColección 3B
504 _aIncluye referencias bibliográficas
650 0 7 _aAdministración de empresas
_9435
650 0 7 _aEmpresarios industriales
_914108
650 0 7 _aÉxito en los negocios
_915417
650 0 7 _aLiderazgo
_918533
690 _aAdministración de empresas
_9435
942 _cLIBRO
_a16
_e1
_mS586e
_2DEWEY
_h650.1
999 _c70279
_d70279